000 00532nam a2200193Ia 4500
005 20250326143718.0
008 250326s9999 xx 000 0 und d
020 _a0-07-248834-4
037 _aTextbook
040 _aFMSL
_beng
_cFMSL
041 _aeng
_2eng
084 _aX:74 P3
_qFMSL
100 _aSteiner G A
_9297989
245 0 _aBusiness government and society
_cSteiner G A
260 _aNew York
_bNew York, McGraw-Hill
_c2003
300 _axviii,702
942 _cTB
_hX:74 P3
999 _c1300692
_d1300692